The Office: Actors Click Quiz - Statistics

General Stats
  • This quiz has been taken 412 times
  • The average score is 20 of 25
Answer Stats
Hint Answer % Correct
Angela Kinsey Angela
95%
Creed Bratton Creed
95%
Steve Carell Michael
95%
John Krasinski Jim
94%
Oscar Nunez Oscar
94%
Phyllis Smith Phyllis
94%
B. J. Novak Ryan
94%
Jenna Fischer Pam
93%
Rainn Wilson Dwight
92%
Mindy Kaling Kelly
92%
Ed Helms Andy
86%
Ellie Kemper Erin
84%
Rashida Jones Karen
83%
Brian Baumgartner Kevin
79%
Idris Elba Charles
77%
Paul Lieberstein Toby
75%
Kate Flannery Meredith
69%
Craig Robinson Darryl
67%
Zach Woods Gabe
67%
Amy Ryan Holly
67%
Leslie David Baker Stanley
65%
Melora Hardin Jan
63%
Andy Buckley David
49%
David Koechner Packer
46%
David Denman Roy
40%
No matching quizzes found
Score Distribution
Percent of People with Each Score
Percentile by Number Answered
Your Score History
You have not taken this quiz